Normal view MARC view
  • Hoag, Kevin

Entry Personal Name

Number of records used in: 1

001 - CONTROL NUMBER

  • control field: 82838

003 - CONTROL NUMBER IDENTIFIER

  • control field: NUST

005 - DATE AND TIME OF LATEST TRANSACTION

  • control field: 20210928152550.0

008 - FIXED-LENGTH DATA ELEMENTS

  • fixed length control field: 210928|| aca||aabn | a|a d

040 ## - CATALOGING SOURCE

  • Original cataloging agency: NUST
  • Transcribing agency: NUST

100 ## - HEADING--PERSONAL NAME

  • Personal name: Hoag, Kevin

670 ## - SOURCE DATA FOUND

  • Source citation: Work cat.: (NUST)31747: Hoag, Kevin., Skills development for engineers, c2001
© 2023 Central Library, National University of Sciences and Technology. All Rights Reserved.